|
|
|
|
| LEADER |
00920nam a2200241 a 4500 |
| 001 |
4630562 |
| 008 |
090819s1980 ohua 001 0 eng d |
| 010 |
|
|
|a \\\78068932
|
| 020 |
|
|
|a 053813450X
|
| 040 |
|
|
|a DLC
|c DLC
|d DLC
|
| 082 |
0 |
0 |
|a 513/.93
|2 19
|
| 100 |
1 |
|
|a Fairbank, Roswell E.
|
| 245 |
1 |
0 |
|a Applied business mathematics /
|c Roswell E. Fairbank, Robert A. Schultheis.
|
| 250 |
|
|
|a 11th ed.
|
| 260 |
|
|
|a Cincinnati :
|b South-Western Pub. Co.,
|c c1980.
|
| 300 |
|
|
|a xi, 596 p. :
|b ill. ;
|c 24 cm.
|
| 504 |
|
|
|a Includes index.
|
| 541 |
1 |
|
|e 00004758
|
| 650 |
|
0 |
|a Business mathematics.
|
| 700 |
1 |
|
|a Schultheis, Robert A.,
|e joint author.
|
| 852 |
4 |
|
|a Ayesha Abed Library
|j General shelf
|
| 999 |
|
|
|c 3602
|d 3602
|
| 952 |
|
|
|0 0
|1 0
|2 ddc
|4 0
|6 513_930000000000000_FAI_1980
|7 0
|9 3269
|a BRACUL
|b BRACUL
|c GEN
|d 2009-09-02
|g 0.00
|l 1
|o 513.93 FAI
|p 3010004758
|r 2018-09-17
|s 2018-08-12
|t 1
|w 2009-09-02
|y BK
|x No price found in the accession register.
|